Dicctionario de uso del espaňol

Gespeichert in:
Bibliographische Detailangaben
1. Verfasser: Moliner, María
Format: Buch
Sprache:Spanisch
Veröffentlicht: Madrid GREDOS 1997
Schriftenreihe:Biblioteca románica hispánica
Schlagworte:
Tags: Tag hinzufügen
Keine Tags, Fügen Sie das erste Tag hinzu!

MARC

LEADER 00000nam a2200000 4500
001 c131350
005 20240419072835.5
020 |a 84-249-1344-2 
041 0 |a spa 
044 |a ES 
245 1 0 |a Dicctionario de uso del espaňol  |c María Moliner 
264 1 |a Madrid  |b GREDOS  |c 1997 
300 |a 1585 s. 
490 1 |a Biblioteca románica hispánica 
830 0 |a Biblioteca románica hispánica 
610 2 0 |a jazykoveda 
610 2 0 |a terminológia 
610 2 0 |a jazyky cudzie 
100 1 |a Moliner, María